[Event "South Normanton Hull op 56th"]
[Site "South Normanton"]
[Date "2019.11.03"]
[Round "4"]
[White "Clarke, Gary"]
[Black "Buckell, David J"]
[Result "1/2-1/2"]
[WhiteElo "105"]
[BlackElo "129"]
[PlyCount "45"]
[EventDate "2019.11.01"]
[EventType "swiss"]
[EventRounds "5"]
[EventCountry "ENG"]
[SourceTitle "EXT 2025"]
[Source "ChessBase"]
[SourceDate "2024.10.14"]
[SourceVersion "1"]
[SourceVersionDate "2024.10.14"]
[SourceQuality "1"]

1. d4 d6 2. Nf3 Nf6 3. h3 g6 4. Bf4 Bg7 5. e3 0-0 6. Bd3 c5 7. c3 b6 8. Nbd2 Bb7 9. 0-0 Na6 10. Re1 Nc7 11. Qc2 Ne6 12. Bg3 Rc8 13. dxc5 Nxc5 14. Be2 Nce4 15. Bf4 Qe8 16. Rad1 b5 17. Qb3 a6 18. Nxe4 Nxe4 19. a3 Nc5 20. Qb4 Ba8 21. Nd2 Bc6 22. Nb3 Ba8 23. f3 1/2-1/2